000
00245nam a2200097Ia 4500
082
_a
EJF SMIT
245
0
_a
Solitary
100
_a
SMITH, Alexander Gordon London, 2009
_9
55527
942
_c
BK
008
210817s9999 xx 000 0 und d
999
_c
174611
_d
174609